Biblioteca

Imagining creation / (Registro nro. 67536)

Detalles MARC
000 -LÍDER
Campo fijo de descripción fija 01827nam a2200373 a 4500
001 - NÚMERO DE CONTROL
Campo de control 768714001
003 - IDENTIFICADOR DEL NÚMERO DE CONTROL
Campo de control CO-MdFUSB
005 - FECHA Y HORA DE LA ULTIMA TRANSACCIÓN
control field 20220617163838.0
007 - CAMPO FIJO DE DESCRIPCIÓN FIJA--INFORMACIÓN GENERAL
Campo fijo de descripción fija ta
008 - ELEMENTOS DE LONGITUD FIJA -- INFORMACIÓN GENERAL
Campo fijo de descripción fija -- Información general 071113t2008 ne a sb 101 0 eng d
020 ## - NÚMERO INTERNACIONAL NORMALIZADO PARA LIBROS
Cancelado / ISBN no válido 9789004157651
040 ## - FUENTE DE CATALOGACIÓN
Agencia de catalogación original MiAaPQ
Agencia que realiza la transcripción CO-MdFUSB
Agencia que realiza la modificación MiAaPQ
Idioma de catalogación spa
Convenciones de la descripción rda
041 ## - CÓDIGO DE IDIOMA
Código de idioma para texto/pista de sonido o título separado eng
082 ## - NÚMERO DE CLASIFICACIÓN DECIMAL DEWEY
Número de la edición del Dewey 23
Número de clasificación 201.3
Clave de autor-Numero de item IM31
245 00 - TÍTULO
Título del Material Imagining creation /
Mención de responsabilidad, etc. editado por Markham J. Geller , Mineke Schipper
264 #1 - PRODUCCIÓN, PUBLICACIÓN, DISTRIBUCIÓN, MANUFACTURA, Y COPYRIGHT
Lugar de producción, publicación, distribución, manufactura Leiden, Boston :
Nombre del productor, publicador, distribuidor Brill Academic Publishers,
Fecha de producción, publicación, distribución, manufactura, o copyright [2008]
264 #4 - PRODUCCIÓN, PUBLICACIÓN, DISTRIBUCIÓN, MANUFACTURA, Y COPYRIGHT
Fecha de producción, publicación, distribución, manufactura, o copyright © 2008
300 ## - DESCRIPCIÓN FÍSICA
Extensión 424 páginas :
Otros detalles físicos ilustraciones.
Dimensiones ; 25 cm
336 ## - TIPO DE CONTENIDO
Fuente rdacontent
Término de tipo de contenido texto
Código de tipo de contenido txt
337 ## - TIPO DE MEDIO
Fuente rdamedia
Nombre del tipo de medio sin mediación
Código del tipo de medio n
338 ## - TIPO DE SOPORTE
Fuente rdacarrier
Nombre del tipo de soporte volumen
Código Tipo de soporte nc
490 1# - MENCIÓN DE SERIE
Mención de serie IJS studies in Judaica,
504 ## - NOTA DE BIBLIOGRAFÍA, ETC.
Nota de bibliografía, etc Incluye referencias bibliográficas e indice.
505 ## - NOTA DE CONTENIDO
Nota de contenido con formato preestablecido Historias de creación mesopotámicas / WG Lambert -- Historias de creación en el antiguo Egipto / Stephen Quirke -- No se puede llegar aquí desde allí : la paradoja lógica de los antiguos mitos de creación indios / Wendy Doniger -- Historias del comienzo : mitos de origen en el sur de África del Sahara / Mineke Schipper -- Actitudes judías modernas hacia el concepto de mito / Wout Jac. van Bekkum -- Extracto de la traducción y comentario de Génesis 1-2, Norton, NY 1996 / Robert Alter -- La Biblia en proceso : Historias eslavas de la creación / Florentina Badalanova -- Historias árabes de la creación más allá de los límites / Abdullah al-Udhari -- Mitos luriánicos de la creación / Daphne Freedman.
563 ## - NOTA DE ENCUADERNACIÓN
Nota de encuadernación Pasta dura
650 #7 - ASIENTO SECUNDARIO DE MATERIA - TERMINO TEMÁTICO
Término temático o nombre geográfico como elemento de entrada Creación
9 (RLIN) 251
653 ## - TÉRMINO DE INDIZACIÓN - NO CONTROLADO
Término no controlado Mitología
700 1# - ASIENTO SECUNDARIO - NOMBRE PERSONAL
Nombre personal Geller, Markham J.
Responsabilidad editor
700 1# - ASIENTO SECUNDARIO - NOMBRE PERSONAL
Nombre personal Schipper, Mineke.
Responsabilidad editor
830 #0 - PUNTO DE ACCESO ADICIONAL DE SERIE - TÍTULO UNIFORME
Título uniforme IJS studies in Judaica ;
Designación de volumen o secuencia v. 5.
942 ## - TIPO DE MATERIAL (KOHA)
Tipo de Item KOHA Libros General
945 ## - INFORMACIÓN LOCAL DEL REGISTRO
Catalogador JTF-925
Existencias
Estado de Material Estado de Perdido Forma de Clasificación Estado de Dañado No para Préstamo Colección Biblioteca de Origen Biblioteca Permanente Fecha de Adquisición Área Total de Préstamos Signatura Topográfica Código de Barras Última vez visto Ejemplar/Existencia Fecha de Remplazo Tipo de Material
    Dewey Decimal Classification     Colección General Biblioteca FUSBC Biblioteca FUSBC 24/03/2022 BIBLIA   G 201.3 IM31i 21706 24/03/2022 Ej.1 24/03/2022 Libros General

Biblioteca FUSBC | Teléfono: (57+4) 349 88 10 Ext. 141| WhatsApp (+57) 3005338115 
E-mail: biblioteca@unisbc.edu.co | Calle 76 87-14 Robledo Palenque, Medellín, Colombia

Con tecnología Koha